<?xml version="1.0" encoding="UTF-8"?>
<record
    xmlns:xsi="http://www.w3.org/2001/XMLSchema-instance"
    xsi:schemaLocation="http://www.loc.gov/MARC21/slim http://www.loc.gov/standards/marcxml/schema/MARC21slim.xsd"
    xmlns="http://www.loc.gov/MARC21/slim">

  <leader>01310nam a22002657a 4500</leader>
  <controlfield tag="008">220707s2006    ar ||||jr|||| 00| f spa d</controlfield>
  <datafield tag="020" ind1=" " ind2=" ">
    <subfield code="a">9789504915607</subfield>
  </datafield>
  <datafield tag="022" ind1=" " ind2=" ">
    <subfield code="2">.</subfield>
  </datafield>
  <datafield tag="040" ind1=" " ind2=" ">
    <subfield code="a">CO-JMCR</subfield>
    <subfield code="d">CO-JMCR</subfield>
  </datafield>
  <datafield tag="041" ind1="1" ind2=" ">
    <subfield code="a">spa</subfield>
    <subfield code="h">eng</subfield>
  </datafield>
  <datafield tag="082" ind1="0" ind2="4">
    <subfield code="a">J-N</subfield>
    <subfield code="b">MORs</subfield>
  </datafield>
  <datafield tag="100" ind1="1" ind2=" ">
    <subfield code="a">Morris, Tom </subfield>
    <subfield code="e">autor</subfield>
    <subfield code="9">42120</subfield>
  </datafield>
  <datafield tag="245" ind1="1" ind2="3">
    <subfield code="a">Si Harry Potter dirigiera general electric / </subfield>
    <subfield code="c">Tom Morris</subfield>
  </datafield>
  <datafield tag="250" ind1=" " ind2=" ">
    <subfield code="a">Primera edici&#xF3;n </subfield>
  </datafield>
  <datafield tag="260" ind1=" " ind2=" ">
    <subfield code="a">Buenos Aires, Argentina : </subfield>
    <subfield code="b">Planeta, </subfield>
    <subfield code="c">2006.</subfield>
  </datafield>
  <datafield tag="300" ind1=" " ind2=" ">
    <subfield code="a">265 p&#xE1;ginas ; </subfield>
    <subfield code="c">23 cm.</subfield>
  </datafield>
  <datafield tag="505" ind1="0" ind2=" ">
    <subfield code="a">Albus dumbledore, director ejecutivo. -- El valiente Harry Potter, -- La &#xE9;tica de los magos. -- Verdad y mentiras en Hogwarts. -- La alquimia del liderazgo. -- La sabidur&#xED;a de los magos. -- Felicidad y sentido.</subfield>
  </datafield>
  <datafield tag="520" ind1="0" ind2=" ">
    <subfield code="a">En su nuevo libro, Tom Morris-autor de Si Arist&#xF3;teles dirigiera General Motors-revela c&#xF3;mo los secretos, la sabidur&#xED;a y la &#xE9;tica del liderazgo, presentes en el universo m&#xE1;gico de Harry Potter, pueden llevar al &#xE9;xito tanto en los negocios como en lo profesional y la vida cotidiana sin sacrificar lo moral.</subfield>
  </datafield>
  <datafield tag="521" ind1="0" ind2=" ">
    <subfield code="a">Juvenil.</subfield>
  </datafield>
  <datafield tag="650" ind1="1" ind2="4">
    <subfield code="9">42121</subfield>
  </datafield>
  <datafield tag="650" ind1="2" ind2="4">
    <subfield code="9">42122</subfield>
  </datafield>
  <datafield tag="650" ind1="2" ind2="4">
    <subfield code="9">42123</subfield>
  </datafield>
  <datafield tag="999" ind1=" " ind2=" ">
    <subfield code="c">29517</subfield>
    <subfield code="d">15901</subfield>
  </datafield>
  <datafield tag="952" ind1=" " ind2=" ">
    <subfield code="0">0</subfield>
    <subfield code="1">0</subfield>
    <subfield code="2">ddc</subfield>
    <subfield code="4">0</subfield>
    <subfield code="7">0</subfield>
    <subfield code="a">CPL</subfield>
    <subfield code="b">CPL</subfield>
    <subfield code="c">PROC</subfield>
    <subfield code="d">0000-00-00</subfield>
    <subfield code="e">Donaci&#xF3;n</subfield>
    <subfield code="l">4</subfield>
    <subfield code="o">J-N MORs</subfield>
    <subfield code="p">201811539</subfield>
    <subfield code="r">2024-07-05 07:59:00</subfield>
    <subfield code="s">2024-07-05</subfield>
    <subfield code="t">Ej.1</subfield>
    <subfield code="w">2022-07-07</subfield>
    <subfield code="y">BK</subfield>
  </datafield>
</record>
